000 01170cam a22003255i 4500
001 014097534
003 EG-ScBUE
005 20250227095257.0
008 070307t1965 nyua f 001 0 eng d
020 _a9780070602311
020 _a007060231X
040 _aEG-ScBUE
_beng
_erda
_cEG-ScBUE
_dEG-ScBUE
082 0 4 _a515.723076
_bSPI
_222
100 1 _aSpiegel, Murray R.,
_eauthor.
_92617
245 1 0 _aSchaum's outline of theory and problems of laplace transforms /
_cMurray R. Spiegel, Ph.D., Former Professor and Chairman, Mathematics Department, Rensselaer Polytechnic Institute, Hartford Graduate Center.
246 3 3 _aLaplace transforms
264 1 _aNew York :
_bMcGraw Hill,
_c[1965]
264 4 _cc1965
300 _a261 pages :
_billustrations ;
_c28 cm.
336 _2rdacontent
_atext
_btxt
337 _aunmediated
_2rdamedia
_bn
338 _avolume
_bnc
_2rdacarrier
490 0 _aSchaum’s outline series
500 _aIncludes index.
500 _aIncludes appendix.
650 7 _aLaplace transformation
_vProblems, exercises, etc.
_2BUEsh
_941270
653 _bENGELC
_cSeptember2016
655 _vReading book
_934232
942 _2ddc
_cBB
999 _c22424
_d22396